000 00541pab a2200169 454500
008 180718b2014 xxu||||| |||| 00| 0 eng d
100 _aRizvi, Syed Abbas et al
245 _aEnergy saving via FDI: An indirect way to reduce energy prices: Evidence from high, middle and low income countries by applying SUR on non-stationary panel data
260 _c2014
300 _ap.1-16.
362 _aMar
650 _aForeign investment
650 _aEnergy conservation
773 _aAsian Economic Review
908 _aN
909 _a103697
999 _c103693
_d103693